01438cam a22002655a 45000010009000000050017000090080041000260200018000670400033000850820017001181000022001352450046001572600051002033000025002545000024002795040031003035050461003345200152007956500029009476510010009766530024009869420008010109990017010189520137010351812793420161025140924.0140425s2014 nyu frb f001 0 eng d a9781107605961 aDLCbengcDLCdDLCdEG-ScBUE04a335222bOTT1 aOtteson, James R.14aThe End of Socialism /cJames R. Otteson. aNew York :bCambridge University Press,c2014. axiv, 224 p. ;c24 cm aIndex : p. 221-224. aBibliography : p. 209-219.8 aMachine generated contents note: 1. What socialism and capitalism are; Part I. Socialism's Problems in Practice: 2. Knowledge and planning; 3. Knowledge: value, equality, and experts; 4. Knowledge and community; 5. The day-two problem; Part II. Socialism's Problems in Principle: 6. Economics and morality; 7. Respect and individuality; 8. Socialism's great mistake; 9. Prosperity; 10. Equality and freedom; 11. Fairness; Conclusion. Grapes sweet and sour. a"The End of Socialism explores the exact nature of the practical difficulties socialism faces and examines how its moral ideals can guide policy"-- 7aSocialism.2BUEsh910837 2BUEsh bBUSBOLcOctober2016 2ddc c22858d22830 00102ddc40708BaccahaMAINbMAINc1STd2016-10-25ePurchaseg513.00h3634l0o335 OTTp000034557r2025-07-15 00:00:00v641.25yBB